Online Catalogue and eLibrary

The penguin new writing in Sri Lanka (Record no. 3345)

MARC details
000 -LEADER
fixed length control field 00452nam a2200169Ia 4500
005 - DATE AND TIME OF LATEST TRANSACTION
control field 20241212023525.0
008 - FIXED-LENGTH DATA ELEMENTS--GENERAL INFORMATION
fixed length control field 240331s9999 xx 000 0 und d
020 ## - INTERNATIONAL STANDARD BOOK NUMBER
ISBN 0140156488
082 ## - DDC Classification
Class No. 823
Item Number - Author Mark THE
245 #4 - TITLE STATEMENT
Title The penguin new writing in Sri Lanka
260 ## - PUBLICATION, DISTRIBUTION, ETC.
Place of publication, distribution, etc. New Delhi
Name of publisher, distributor, etc. Penguin Books India (Pvt) Ltd.
Date of publication, distribution, etc. 1992
300 ## - PHYSICAL DESCRIPTION
Extent (e.g. Volumes, Pages etc.) XXviii, 245 P .,
650 ## - SUBJECT ADDED ENTRY--TOPICAL TERM
Topical term or geographic name entry element Short Stories
650 ## - SUBJECT ADDED ENTRY--TOPICAL TERM
Topical term or geographic name entry element Poems
700 ## - ADDED ENTRY--PERSONAL NAME
Personal name Goonetilleke, D.C.R.A.
Relator term (Role) Editor
942 ## - Koha item type (Biblio)
Koha item type Books in Stacks (Lending)
Holdings
Lost status Damaged status Collection code Home library Current library Shelving location Date acquired Full call number Accession Number Item type
    Lending WERC Library WERC Library Social Science Cupboard 03/31/2024 823THE 1684 Books in Stacks (Lending)

© WERC Library